000 00820nam a22002297a 4500
005 20090903143242.0
008 090903t xxu||||| |||| 00| 0 eng d
010 _aB-356964
020 _a9788178127569
_c60.00
035 _aB-356964
037 _bDBAD / PUB
040 _adpl
_bEnglish
082 _aS
245 _aJester tales Chota Birbal /
_cedited by Anjani Gupta
260 _aNew Delhi
_bLittle Scholarz
_c2009
270 _a12-H, New Daryaganj Road, Opp. Traffic Kotwali,
_bNew Delhi
_e110002
300 _a24p.
_bcol. ill.
_c24cm(pbk)
650 _aChildren stories, English
700 _aGupta, Anjani
942 _2ddc
_cEN
_hS
_mJES
999 _c29947
_d29947